Implementation of stegnography for information security (Record no. 181461)

000 -LEADER
fixed length control field 00619 a2200181 4500
003 - CONTROL NUMBER IDENTIFIER
control field Nust
005 - DATE AND TIME OF LATEST TRANSACTION
control field 20170207153213.0
040 ## - CATALOGING SOURCE
Transcribing agency Nust
082 ## - DEWEY DECIMAL CLASSIFICATION NUMBER
Classification number 621.382
100 ## - MAIN ENTRY--PERSONAL NAME
Personal name Sindhu, Mansoor Ahmed (MSEE-6)
245 ## - TITLE STATEMENT
Title Implementation of stegnography for information security
Statement of responsibility, etc. Mansoor Ahmed Sindhu
260 ## - PUBLICATION, DISTRIBUTION, ETC.
Name of publisher, distributor, etc. MCS, NUST
Date of publication, distribution, etc. 2002
Place of publication, distribution, etc. Rawalpindi
300 ## - PHYSICAL DESCRIPTION
Extent xii,80 ,p.;
505 ## - FORMATTED CONTENTS NOTE
Formatted contents note Introduction to the Thesis (page-1) An over view to the Thesis (page-3) Encryption (page-28) Implementation (page-64) Conclusion and recommendation (page-74)
538 ## - SYSTEM DETAILS NOTE
System details note Almirah No.69 Shelf No.1
650 ## - SUBJECT ADDED ENTRY--TOPICAL TERM
Topical term or geographic name entry element PG Thesis
651 ## - SUBJECT ADDED ENTRY--GEOGRAPHIC NAME
Geographic name MSEE-6
942 ## - ADDED ENTRY ELEMENTS (KOHA)
Koha item type
Holdings
Withdrawn status Lost status Source of classification or shelving scheme Damaged status Not for loan Collection code Permanent Location Current Location Date acquired Total Checkouts Full call number Barcode Date last seen Price effective from Koha item type
            Military College of Signals (MCS) Military College of Signals (MCS) 12/12/2016   621.382 SIN MCSTEE-10 12/08/2016 12/12/2016 Book
            Military College of Signals (MCS) Military College of Signals (MCS) 12/12/2016   621.382 SIN MCSTEE-134 12/08/2016 12/12/2016 Book
© 2023 Central Library, National University of Sciences and Technology. All Rights Reserved.